000 00725nam a2200217Ii 4500
003 JO-AjNU
008 230605s9999||||xx |||||||||||||| ||und||
017 _a93/9248
020 _a977-00-5920-X
040 _aJO-AjNU
_bara
_erda
_cJO-AjNU
041 _aara
050 1 4 _aKRM4744.D37.1993
100 3 _aدرويش، صفوت محمود,
_eauthor
_98738
245 0 0 _aالعمال والمخدرات : المشكلة والحل
264 3 1 _aالاسكندرية : صفوت محمود درويش، 1993
300 _a182ص
336 _atext
_btxt
_2rdacontent
337 _aunmediated
_bn
_2rdamedia
338 _avolume
_bnc
_2rdacarrier
650 4 _aإدمان المخدرات -- المخدرات -- العمال
_98739
999 _aA942
_c4510
_d4510